[Event "ch-RUS Rapid 2017"]
[Site "Sochi RUS"]
[Date "2017.10.01"]
[Round "10.2"]
[White "Inarkiev, Ernesto"]
[Black "Rublevsky, Sergei"]
[Result "1-0"]
[WhiteTitle "GM"]
[BlackTitle "GM"]
[WhiteElo "2694"]
[BlackElo "2683"]
[WhiteFideId "4162722"]
[BlackFideId "4115309"]
[EventDate "2017.09.30"]

1. e4 c5 2. Nf3 e6 3. d4 cxd4 4. Nxd4 Nc6 5. Nc3 a6 6. Be2 Qc7 7. Be3 Nf6 8. O-O
Be7 9. f4 d6 10. Kh1 O-O 11. Qe1 Nxd4 12. Bxd4 b5 13. a3 Nd7 14. Bd3 Bb7 15. Qg3
Bf6 16. Bxf6 Nxf6 17. Rae1 Rac8 18. Qh4 h6 19. Re3 Qc5 20. Rg3 Kh8 21. Rg5 Qd4
22. e5 dxe5 23. Ne2 Qxb2 24. fxe5 Nh7 25. Rh5 Rcd8 26. Nf4 Rxd3 27. cxd3 g5 28.
Qh3 gxf4 29. Rxh6 Kg8 30. Qg4+ Kh8 31. Qh3 Kg8 32. Rg1 Qxe5 33. Rxh7 Rc8 34. Qh4
Rc5 35. Rh6 Qg5 36. Rh8+ Kg7 37. Qh7+ Kf6 38. h4 Qg6 39. Qxg6+ Kxg6 40. Rf1 e5
41. Rg8+ Kh7 42. Rb8 Bc6 43. Rf2 Rc3 44. Rb6 a5 45. Kh2 a4 46. d4 Kg6 47. d5
Rxa3 48. Rc2 1-0

[Event "ch-RUS Rapid 2017"]
[Site "Sochi RUS"]
[Date "2017.10.01"]
[Round "10.3"]
[White "Grachev, Boris"]
[Black "Andreikin, Dmitry"]
[Result "1/2-1/2"]
[WhiteTitle "GM"]
[BlackTitle "GM"]
[WhiteElo "2654"]
[BlackElo "2708"]
[WhiteFideId "4129199"]
[BlackFideId "4158814"]
[EventDate "2017.09.30"]

1. d4 Nf6 2. c4 e6 3. Nc3 Bb4 4. Qc2 O-O 5. a3 Bxc3+ 6. Qxc3 d5 7. Bg5 dxc4 8.
Qxc4 b6 9. Rc1 Ba6 10. Qa4 Qd7 11. Qxd7 Nbxd7 12. Bxf6 Nxf6 13. e3 Bxf1 14. Kxf1
c5 15. dxc5 bxc5 16. Nf3 Rab8 17. Rc2 Ne4 18. Ke2 c4 19. Nd2 Nd6 20. Rhc1 g6 21.
Nxc4 Nxc4 22. Rxc4 Rxb2+ 23. R1c2 Rfb8 24. Rxb2 Rxb2+ 25. Kf3 Rb6 26. Ra4 a6 27.
g4 g5 28. Ra5 h6 29. Kg3 Kg7 30. h4 Kg6 31. h5+ Kf6 32. f4 gxf4+ 33. exf4 Kg7
34. g5 Rb3+ 35. Kg4 Rb1 36. Rxa6 Rg1+ 37. Kh4 Rh1+ 38. Kg4 1/2-1/2

[Event "ch-RUS Rapid 2017"]
[Site "Sochi RUS"]
[Date "2017.10.01"]
[Round "10.4"]
[White "Yuffa, Daniil"]
[Black "Jakovenko, Dmitry"]
[Result "1-0"]
[WhiteTitle "GM"]
[BlackTitle "GM"]
[WhiteElo "2527"]
[BlackElo "2710"]
[WhiteFideId "24131423"]
[BlackFideId "4122356"]
[EventDate "2017.09.30"]

1. d4 Nf6 2. c4 e6 3. g3 c5 4. d5 exd5 5. cxd5 d6 6. Nc3 g6 7. Bg2 Bg7 8. Nf3
O-O 9. O-O Re8 10. Bf4 h6 11. Qc1 g5 12. Bd2 Bf5 13. h4 g4 14. Ne1 Kh7 15. Nc2
Nbd7 16. Ne3 Bg6 17. h5 Nxh5 18. Nxg4 f5 19. Nh2 Ne5 20. Nf3 Nxf3+ 21. Bxf3 Nf6
22. Kg2 Ne4 23. Bf4 Ng5 24. Rh1 Kg8 25. Nb5 Nf7 26. Bxh6 Nxh6 27. Rxh6 Bxh6 28.
Qxh6 Kf7 29. Bh5 Rg8 30. Qh7+ Kf6 31. Bxg6 Rxg6 32. Nc7 Rc8 33. Ne6 Qh8 34. Qd7
Ke5 35. Nf4 Rh6 36. Qe7+ Kd4 37. Qe3+ Kc4 38. Qb3+ 1-0

[Event "ch-RUS Rapid 2017"]
[Site "Sochi RUS"]
[Date "2017.10.01"]
[Round "10.5"]
[White "Motylev, Alexander"]
[Black "Timofeev, Artyom"]
[Result "1-0"]
[WhiteTitle "GM"]
[BlackTitle "GM"]
[WhiteElo "2668"]
[BlackElo "2549"]
[WhiteFideId "4121830"]
[BlackFideId "4140419"]
[EventDate "2017.09.30"]

1. e4 c5 2. Nf3 Nc6 3. Nc3 g6 4. d4 cxd4 5. Nxd4 Bg7 6. Be3 Nf6 7. Bc4 O-O 8.
Bb3 Re8 9. f3 e6 10. f4 d6 11. O-O Na5 12. Qf3 b6 13. Rad1 Bb7 14. Ndb5 Bf8 15.
Rd2 Nxb3 16. axb3 a6 17. Nxd6 Bxd6 18. Rfd1 Nd5 19. exd5 b5 20. Qf2 b4 21. dxe6
Rxe6 22. f5 gxf5 23. Rxd6 Rxd6 24. Qg3+ Rg6 25. Rxd8+ Rxd8 26. Qc7 Re8 27. Qxb7
bxc3 28. Bd4 1-0

[Event "ch-RUS Rapid 2017"]
[Site "Sochi RUS"]
[Date "2017.10.01"]
[Round "10.6"]
[White "Sakaev, Konstantin"]
[Black "Sjugirov, Sanan"]
[Result "0-1"]
[WhiteTitle "GM"]
[BlackTitle "GM"]
[WhiteElo "2594"]
[BlackElo "2650"]
[WhiteFideId "4104226"]
[BlackFideId "4189302"]
[EventDate "2017.09.30"]

1. d4 Nf6 2. c4 e6 3. Nc3 Bb4 4. Qc2 O-O 5. a3 Bxc3+ 6. Qxc3 b6 7. Bg5 Bb7 8. e3
d6 9. f3 h6 10. Bh4 Nbd7 11. Nh3 c5 12. dxc5 bxc5 13. Bd3 Qb6 14. O-O a5 15. b3
d5 16. Bf2 Ba6 17. Rab1 Rfc8 18. Nf4 Qc7 19. Bg3 Qd8 20. Ne2 a4 21. e4 axb3 22.
exd5 exd5 23. Qxb3 Nh5 24. Qc3 Bxc4 25. Bxc4 dxc4 26. Bf2 Nhf6 27. Rfd1 Qe8 28.
Ng3 Qe6 29. Ra1 Nb6 30. Re1 Qd7 31. Red1 Nfd5 32. Qc2 Qc6 33. Ne4 Qg6 34. Qc1
Ra5 35. Rb1 Kh7 36. Rxb6 Qxb6 37. Rxd5 Qb3 38. Rxc5 Rd8 39. Nc3 Rxa3 40. Be1 Re8
41. Ne4 Ra2 42. Rxc4 f5 43. Nf2 Qxc4 44. Qxc4 Rxe1+ 45. Qf1 Raa1 0-1

[Event "ch-RUS Rapid 2017"]
[Site "Sochi RUS"]
[Date "2017.10.01"]
[Round "10.7"]
[White "Fedoseev, Vladimir3"]
[Black "Bocharov, Dmitry"]
[Result "1/2-1/2"]
[WhiteTitle "GM"]
[BlackTitle "GM"]
[WhiteElo "2731"]
[BlackElo "2585"]
[WhiteFideId "24130737"]
[BlackFideId "4138716"]
[EventDate "2017.09.30"]

1. e4 c6 2. Nf3 d5 3. Nc3 a6 4. d4 Bg4 5. h3 Bh5 6. Bd3 e6 7. a3 Nf6 8. e5 Nfd7
9. b4 a5 10. g4 Bg6 11. Bxg6 hxg6 12. Rb1 axb4 13. axb4 Be7 14. Ne2 Na6 15. c3
Nc7 16. h4 Nb6 17. Kf1 Nc4 18. Kg2 Kd7 19. g5 Ra2 20. Nd2 Qa8 21. Nxc4 dxc4 22.
Ng3 Qa4 23. Qf3 Qc2 24. Be3 Nd5 25. b5 Kc7 26. bxc6 bxc6 27. Kh3 Rf8 28. Rbc1
Qb2 29. Ne4 Qe2 30. Kg3 Qxf3+ 31. Kxf3 f5 32. gxf6 gxf6 33. Bh6 f5 34. Nd6 Rh8
35. Bg5 Bxd6 36. exd6+ Kxd6 37. Rh3 Rb8 38. h5 gxh5 39. Rxh5 Rbb2 40. Bh4 Rc2
41. Bg3+ f4 42. Bxf4+ Nxf4 43. Rxc2 Rxc2 44. Kxf4 Rxf2+ 45. Ke4 Re2+ 46. Kf4 Rc2
47. Rh3 Rd2 48. Ke4 Rd1 49. Rg3 c5 50. dxc5+ Kxc5 51. Rg5+ Rd5 52. Rxd5+ exd5+
53. Ke5 Kc6 54. Ke6 Kc5 55. Ke5 Kc6 56. Ke6 d4 57. cxd4 c3 58. d5+ Kb7 59. d6 c2
60. d7 c1=Q 61. d8=Q Qc8+ 62. Qd7+ Kb8 1/2-1/2

[Event "ch-RUS Rapid 2017"]
[Site "Sochi RUS"]
[Date "2017.10.01"]
[Round "10.8"]
[White "Popov, Ivan RUS"]
[Black "Kobalia, Mikhail"]
[Result "1/2-1/2"]
[WhiteTitle "GM"]
[BlackTitle "GM"]
[WhiteElo "2599"]
[BlackElo "2596"]
[WhiteFideId "4170350"]
[BlackFideId "4119150"]
[EventDate "2017.09.30"]

1. e4 e5 2. Nf3 Nc6 3. Bc4 Bc5 4. O-O Nf6 5. d3 a6 6. a4 O-O 7. h3 d6 8. c3 Ba7
9. Re1 Be6 10. Bxe6 fxe6 11. Be3 Bxe3 12. Rxe3 Qe8 13. Nbd2 Nh5 14. g3 Nf6 15.
Qb3 Rb8 16. d4 exd4 17. Nxd4 Nd8 18. e5 Nd5 19. Re2 Nc6 20. exd6 Nxd4 21. cxd4
cxd6 22. Rae1 Qf7 23. Ne4 Qe7 24. h4 h6 25. Nc3 Nc7 26. Nd5 Nxd5 27. Qxd5 exd5
28. Rxe7 Rf7 29. Rxf7 Kxf7 30. Rc1 Ke6 31. Rc7 g6 32. b4 g5 33. Rh7 Kf5 34. Rxh6
g4 35. Rxd6 Ke4 36. Rg6 Kxd4 37. Rxg4+ Kc3 38. Rg7 d4 39. b5 d3 40. Rc7+ Kb3 41.
Rd7 Kc2 42. f4 d2 43. Kf2 d1=Q 44. Rxd1 Kxd1 45. g4 Kc2 46. f5 Kb3 47. g5 Kxa4
48. bxa6 b5 49. g6 b4 50. g7 b3 51. a7 Rd8 52. f6 b2 53. f7 b1=Q 54. a8=Q+ Rxa8
55. f8=Q Qc2+ 56. Kg3 Qg6+ 57. Kh3 Re8 58. Qf4+ Kb5 59. Qg5+ Qxg5 60. hxg5 Rg8
61. Kg4 Rxg7 62. Kf5 Rxg5+ 63. Kxg5 1/2-1/2

[Event "ch-RUS Rapid 2017"]
[Site "Sochi RUS"]
[Date "2017.10.01"]
[Round "10.9"]
[White "Savchenko, Boris"]
[Black "Rakhmanov, Aleksandr"]
[Result "1-0"]
[WhiteTitle "GM"]
[BlackTitle "GM"]
[WhiteElo "2581"]
[BlackElo "2669"]
[WhiteFideId "4147332"]
[BlackFideId "4173708"]
[EventDate "2017.09.30"]

1. e4 c5 2. Nf3 Nf6 3. e5 Nd5 4. Nc3 Nxc3 5. dxc3 Nc6 6. Bc4 e6 7. Bf4 Qb6 8. b3
Qc7 9. Qe2 h6 10. O-O-O a6 11. Bd3 b5 12. c4 Nb4 13. Be4 Rb8 14. c3 Nc6 15. h4
b4 16. cxb4 Nxb4 17. Rh3 a5 18. a4 Nc6 19. Kb2 Qb6 20. Qd3 Nb4 21. Qd2 Nd5 22.
Nh2 Nxf4 23. Qxf4 Qc7 24. Rg3 Rb6 25. Ka2 Qd8 26. h5 Qe7 27. Ng4 Qd8 28. Rf3 Qe7
29. Rdd3 Rb4 30. Rg3 Rb6 31. Rdf3 Rb4 32. Qd2 d5 33. exd6 Qxd6 34. Rd3 Qc7 35.
Ne5 Rb6 36. Nxf7 Kxf7 37. Rgf3+ Ke7 38. Bg6 Rd6 39. Rf7+ Kd8 40. Rxd6+ Bxd6 41.
Rxc7 Kxc7 42. Qxa5+ Kd7 43. Qa7+ Bc7 44. Qxc5 1-0

[Event "ch-RUS Rapid 2017"]
[Site "Sochi RUS"]
[Date "2017.10.01"]
[Round "10.10"]
[White "Artemiev, Vladislav"]
[Black "Levin, Evgeny A."]
[Result "1/2-1/2"]
[WhiteTitle "GM"]
[BlackTitle "GM"]
[WhiteElo "2692"]
[BlackElo "2532"]
[WhiteFideId "24101605"]
[BlackFideId "4182596"]
[EventDate "2017.09.30"]

1. d4 Nf6 2. Nc3 d5 3. Bf4 a6 4. e3 b5 5. Bd3 e6 6. Nf3 Bb7 7. a4 b4 8. Ne2 Nbd7
9. O-O c5 10. dxc5 Nxc5 11. c3 bxc3 12. Nxc3 Be7 13. Be2 O-O 14. a5 Rc8 15. Nd4
Nfe4 16. Na4 Qxa5 17. Nxc5 Qxc5 18. Bxa6 Qb6 19. Bxb7 Qxb7 20. Be5 Bd6 21. Bxd6
Nxd6 22. Qe2 Rb8 23. b3 Rfc8 24. Rfc1 e5 25. Nf3 f6 26. Nd2 Qb4 27. Qd3 Qb5 28.
Qxb5 Nxb5 29. Kf1 Kf7 30. Rxc8 Rxc8 31. Ke2 Ke6 32. Ra6+ Kf5 33. Ra5 Rb8 34. Kd3
Ke6 35. Ra6+ Kd7 36. b4 Rc8 37. Rb6 Rc3+ 38. Ke2 Nd6 39. Ra6 Rc2 40. Ra7+ Rc7
41. Rxc7+ Kxc7 42. Kd3 Kc6 43. Nb1 Kb5 44. Nc3+ Kxb4 45. Nxd5+ Kc5 46. Nc7 Kc6
47. Ne6 Ne8 48. Nf8 h6 49. Ke4 Kd6 50. g4 Ke7 51. Ng6+ Ke6 52. h4 Nd6+ 53. Kf3
Nc4 54. h5 Nd2+ 55. Ke2 Ne4 56. Nh4 Nd6 57. f4 exf4 58. exf4 f5 59. Nxf5 1/2-1/2

[Event "ch-RUS Rapid 2017"]
[Site "Sochi RUS"]
[Date "2017.10.01"]
[Round "10.12"]
[White "Pridorozhni, Aleksei"]
[Black "Sarana, Alexey"]
[Result "1/2-1/2"]
[WhiteTitle "GM"]
[BlackTitle "GM"]
[WhiteElo "2565"]
[BlackElo "2541"]
[WhiteFideId "4127870"]
[BlackFideId "24133795"]
[EventDate "2017.09.30"]

1. e4 c5 2. Nc3 d6 3. g3 Nc6 4. Bg2 g6 5. f4 Bg7 6. Nf3 e6 7. d3 Nge7 8. O-O O-O
9. Be3 Nd4 10. Qd2 Rb8 11. Rae1 b5 12. Nd1 b4 13. g4 f5 14. gxf5 gxf5 15. Ng5 h6
16. Nh3 Ng6 17. c3 bxc3 18. bxc3 Nb5 19. exf5 exf5 20. a4 Nc7 21. Bf2 Nh4 22.
Bxh4 Qxh4 23. Rf3 Be6 24. Rg3 Rbe8 25. Kh1 Re7 26. Rg1 Nd5 27. Qf2 Kh8 28. Ne3
Nxe3 29. Qxe3 Bxc3 30. Qf3 Bd4 31. Rb1 Ba2 32. Rf1 Re3 33. Qc6 Qf6 34. Bd5 Bxd5+
35. Qxd5 Qe6 36. Qxe6 Rxe6 37. Ng1 Rg8 38. Nf3 Rxg3 39. hxg3 Re3 40. Nxd4 cxd4
41. Kg2 Rxd3 42. Rb1 Ra3 43. Rb4 Rd3 44. Rb7 a5 45. Rb5 Kg7 1/2-1/2

[Event "ch-RUS Rapid 2017"]
[Site "Sochi RUS"]
[Date "2017.10.01"]
[Round "10.13"]
[White "Sharafiev, Azat"]
[Black "Potkin, Vladimir"]
[Result "0-1"]
[WhiteTitle "IM"]
[BlackTitle "GM"]
[WhiteElo "2433"]
[BlackElo "2574"]
[WhiteFideId "4186214"]
[BlackFideId "4131061"]
[EventDate "2017.09.30"]

1. Nf3 c5 2. g3 Nc6 3. Bg2 g6 4. O-O Bg7 5. c4 d6 6. Nc3 e6 7. e3 Nge7 8. d4 O-O
9. d5 exd5 10. cxd5 Ne5 11. Nxe5 Bxe5 12. e4 Bg7 13. Bf4 a6 14. a4 Rb8 15. a5 b5
16. axb6 Rxb6 17. Ra2 f5 18. Qd2 Bd4 19. Ra4 Bg7 20. Re1 fxe4 21. Raxe4 Nf5 22.
Na4 Rb3 23. Qc2 Rb4 24. Bd2 Nd4 25. Qd1 Rb7 26. g4 Rbf7 27. f4 Qh4 28. h3 h5 29.
f5 gxf5 30. gxf5 Qf6 31. Qxh5 Qxf5 32. Qxf5 Bxf5 33. Re7 Bf6 34. Rxf7 Kxf7 35.
Nb6 Rg8 36. Kh1 Rh8 37. Nc4 Nb5 38. Bf4 Bxh3 39. Nxd6+ Nxd6 40. Bxd6 Bf5+ 41.
Bh2 Bxb2 42. d6 Kf6 43. Bc6 Be5 44. Rxe5 Rxh2+ 45. Kxh2 Kxe5 46. d7 Bxd7 47.
Bxd7 c4 48. Kg3 c3 49. Ba4 Ke4 50. Bc2+ Ke3 51. Ba4 Kd2 52. Kf4 c2 53. Bxc2 Kxc2
54. Ke4 a5 0-1

[Event "ch-RUS Rapid 2017"]
[Site "Sochi RUS"]
[Date "2017.10.01"]
[Round "10.14"]
[White "Khismatullin, Denis"]
[Black "Korchmar, Vasiliy"]
[Result "1-0"]
[WhiteTitle "GM"]
[BlackTitle "IM"]
[WhiteElo "2628"]
[BlackElo "2399"]
[WhiteFideId "4142578"]
[BlackFideId "24131750"]
[EventDate "2017.09.30"]

1. c4 e5 2. g3 Nf6 3. Bg2 Bc5 4. Nc3 c6 5. e4 d6 6. Nge2 O-O 7. O-O Be6 8. d3 h6
9. Na4 Qc8 10. Nxc5 dxc5 11. Be3 Na6 12. f4 Rd8 13. b3 Bg4 14. Qd2 b6 15. Rae1
Nb4 16. Nc1 Bh3 17. fxe5 Bxg2 18. Kxg2 Ng4 19. Bf4 Qe6 20. Qc3 Re8 21. d4 g5 22.
d5 Qg6 23. h3 gxf4 24. hxg4 fxg3 25. a3 Na6 26. Qxg3 b5 27. Nd3 bxc4 28. bxc4
Rab8 29. Rf5 Rb3 30. Re3 Rxa3 31. Kh3 Qg7 32. Nf4 Rxe3 33. Qxe3 Rxe5 34. Nh5 Qh8
35. Nf6+ Kg7 36. Rxe5 Kxf6 37. Qc3 1-0

[Event "ch-RUS Rapid 2017"]
[Site "Sochi RUS"]
[Date "2017.10.01"]
[Round "10.15"]
[White "Rozum, Ivan"]
[Black "Novikov, Maxim"]
[Result "0-1"]
[WhiteTitle "GM"]
[BlackTitle "GM"]
[WhiteElo "2590"]
[BlackElo "2501"]
[WhiteFideId "24104272"]
[BlackFideId "4161289"]
[EventDate "2017.09.30"]

1. d4 Nf6 2. c4 c5 3. d5 b5 4. cxb5 a6 5. bxa6 g6 6. Nc3 Bg7 7. e4 O-O 8. Nf3
Qa5 9. Nd2 Bxa6 10. Be2 d6 11. O-O Nbd7 12. Nc4 Bxc4 13. Bxc4 Rfb8 14. Qc2 Ne8
15. Bd2 Nc7 16. a4 Qb6 17. Nb5 Ne5 18. Be2 c4 19. Be3 Qa5 20. b4 cxb3 21. Qxb3
Nxb5 22. Bxb5 Nf3+ 23. gxf3 Bxa1 24. Rc1 Bf6 25. Kg2 Rc8 26. Rc6 Qe1 27. Qc4 Qc3
28. Qxc3 Bxc3 29. Kf1 Ba5 30. Ke2 f6 31. Kd3 Kf7 32. Kc4 Rab8 33. f4 e5 34. f5
gxf5 35. exf5 Ke7 36. Bc1 Bb6 37. Ba3 Rxc6+ 38. dxc6 Rg8 39. Kd5 Bc7 40. Bc1 Rg1
41. Be3 Rd1+ 42. Kc4 d5+ 43. Kc5 d4 44. Bh6 d3 45. Kd5 d2 46. Be2 Re1 47. Bxd2
Rxe2 48. Bb4+ Kf7 49. a5 Rxf2 50. Kc4 Rxh2 51. Kb3 Rg2 52. a6 Bb6 53. Kc4 Ra2
54. Kb5 Bc7 0-1

[Event "ch-RUS Rapid 2017"]
[Site "Sochi RUS"]
[Date "2017.10.01"]
[Round "10.16"]
[White "Krylov, Mikhail RUS"]
[Black "Tsydypov, Zhamsaran"]
[Result "0-1"]
[WhiteTitle "GM"]
[BlackTitle "IM"]
[WhiteElo "2476"]
[BlackElo "2529"]
[WhiteFideId "4151364"]
[BlackFideId "4108566"]
[EventDate "2017.09.30"]

1. d4 Nf6 2. c4 b6 3. f3 Bb7 4. e4 e6 5. Bd3 Bb4+ 6. Nc3 Bxc3+ 7. bxc3 d6 8. Ne2
O-O 9. O-O c5 10. d5 Nbd7 11. Bg5 h6 12. Bh4 Qe8 13. Qd2 Ba6 14. Rae1 Rb8 15. f4
exd5 16. exd5 Qc8 17. Ng3 b5 18. Nf5 Qc7 19. Re7 Qa5 20. Nxd6 bxc4 21. Nxc4 Qa4
22. Ne5 Nxe5 23. Rxe5 Nd7 24. Re7 Bxd3 25. Qxd3 Rb7 26. f5 Qxh4 27. f6 c4 28.
Qe3 Qg5 29. Qh3 Nc5 30. d6 gxf6 31. Re3 Kh7 32. Rg3 Qe5 33. Qg4 f5 34. Qxc4 Ne4
35. Rd3 Nxd6 36. Qc6 Rb6 37. Qd7 Ne4 38. Rd5 Qe6 39. Qxa7 Ra6 40. Qd4 Nxc3 41.
Qb4 Qxd5 42. Qxf8 Rxa2 0-1

[Event "ch-RUS Rapid 2017"]
[Site "Sochi RUS"]
[Date "2017.10.01"]
[Round "10.17"]
[White "Demidov, Mikhail"]
[Black "Palchun, Grigory"]
[Result "0-1"]
[WhiteTitle "IM"]
[WhiteElo "2521"]
[BlackElo "2441"]
[WhiteFideId "4197143"]
[BlackFideId "24147338"]
[EventDate "2017.09.30"]

1. Nf3 Nf6 2. g3 d5 3. Bg2 c6 4. O-O Bf5 5. b3 e6 6. Bb2 h6 7. c4 Be7 8. d3 O-O
9. Qc2 Bh7 10. Nbd2 Nbd7 11. Rac1 Qa5 12. a3 Rfe8 13. Rfe1 Qc7 14. e4 dxe4 15.
dxe4 e5 16. Qc3 Bf8 17. b4 b6 18. Nh4 a5 19. Qb3 Ra7 20. Nf5 Rea8 21. b5 Nc5 22.
Qf3 Rd8 23. Bc3 Bxf5 24. exf5 Nd3 25. bxc6 Nxc1 26. Rxc1 Bxa3 27. Re1 Bb4 28.
Qe3 Bxc3 29. Qxc3 e4 30. Bxe4 Nxe4 31. Nxe4 Qxc6 32. f6 g6 33. Qe3 Kh7 34. Qf4
Rad7 35. Kg2 Rd1 36. Qf3 Qd7 37. Re2 Qf5 38. Qa3 R1d3 39. Qe7 Qf3+ 40. Kh3 R3d7
41. Qe5 Qf5+ 42. Qxf5 gxf5 43. Nc3 Kg6 44. Rb2 Kxf6 45. Rxb6+ Rd6 46. Nd5+ Kg7
47. Rb7 R8d7 48. Rb3 Ra7 49. Ra3 Rc6 50. Ra4 Rc5 51. Kg2 Rb7 52. Kf3 Rb2 53. Ke3
Rc2 54. Kd4 Rc8 55. f4 Rxh2 56. Rxa5 Rd2+ 57. Ke3 Rc2 58. Nb6 Rc6 59. Rb5 Rc3+
60. Kd4 Rxg3 61. c5 h5 62. Kd5 Re6 63. c6 Rd3+ 64. Kc4 Rd1 65. Rc5 Rc1+ 66. Kb5
Rxc5+ 67. Kxc5 h4 68. c7 Re8 69. Nd5 h3 70. Ne3 Rxe3 71. Kd4 0-1

[Event "ch-RUS Rapid 2017"]
[Site "Sochi RUS"]
[Date "2017.10.01"]
[Round "10.18"]
[White "Usmanov, Vasily"]
[Black "Alekseenko, Kirill"]
[Result "0-1"]
[WhiteTitle "IM"]
[BlackTitle "GM"]
[WhiteElo "2459"]
[BlackElo "2563"]
[WhiteFideId "4135741"]
[BlackFideId "4135539"]
[EventDate "2017.09.30"]

1. d4 d5 2. Bf4 Nf6 3. e3 e6 4. Nf3 c5 5. c3 Nc6 6. Nbd2 Bd6 7. Bxd6 Qxd6 8. Bd3
O-O 9. O-O e5 10. dxc5 Qxc5 11. e4 Rd8 12. Qc2 Bg4 13. exd5 Qxd5 14. Bc4 Qd7 15.
Rfe1 Bf5 16. Qb3 e4 17. Nh4 Qxd2 18. Nxf5 Ne5 19. Rad1 Qf4 20. Ne7+ Kh8 21. Nd5
Nxd5 22. Bxd5 Ng4 23. Rxe4 Qxh2+ 24. Kf1 Qh1+ 25. Ke2 Qxg2 26. Rf4 Rxd5 27. Rxd5
Re8+ 28. Kd3 Nxf2+ 29. Rxf2 Qxf2 30. Qxb7 g6 31. Kc4 h5 32. Rd4 Kg7 33. Qxa7
Qxb2 34. Rd7 Rc8+ 35. Rc7 Rxc7+ 36. Qxc7 Qxa2+ 37. Kb4 Qb1+ 38. Ka3 Qc1+ 39. Ka2
Qd2+ 40. Ka1 Qe1+ 41. Kb2 h4 42. Qf4 Qg3 43. Qd4+ f6 44. c4 Qe5 45. Qxe5 fxe5
46. c5 Kf6 47. Kb3 h3 48. c6 Ke7 49. Kb4 Kd6 50. Kb5 Kc7 0-1

[Event "ch-RUS Rapid 2017"]
[Site "Sochi RUS"]
[Date "2017.10.01"]
[Round "10.19"]
[White "Tekeyev, Zaur"]
[Black "Kryakvin, Dmitry"]
[Result "0-1"]
[WhiteTitle "FM"]
[BlackTitle "GM"]
[WhiteElo "2380"]
[BlackElo "2583"]
[WhiteFideId "4199731"]
[BlackFideId "4153278"]
[EventDate "2017.09.30"]

1. e4 c5 2. Nf3 Nc6 3. Bb5 d6 4. O-O Bd7 5. Re1 Nf6 6. h3 Ne5 7. Bf1 Nxf3+ 8.
Qxf3 e6 9. Qg3 Bc6 10. d3 g6 11. Qh4 Bg7 12. Nc3 h6 13. a4 Nh5 14. Qxd8+ Rxd8
15. g4 Nf6 16. f4 d5 17. e5 Nd7 18. Bg2 a6 19. a5 Rc8 20. Bd2 g5 21. Re2 h5 22.
f5 Bxe5 23. fxe6 fxe6 24. Rae1 Bd4+ 25. Be3 Kd8 26. Nd1 hxg4 27. hxg4 Bxe3+ 28.
Rxe3 e5 29. Rf3 Kc7 30. Rf5 Rhg8 31. Ne3 Kd6 32. Rf7 Rcf8 33. Nf5+ Kc7 34. Rh7
Kb8 35. Ne7 Nf6 36. Rh1 Rg7 37. Nxc6+ bxc6 38. Rxe5 Nxg4 39. Re6 Rf6 40. Rh8+
Kc7 41. Ree8 Kd6 42. Rhg8 Rxg8 43. Rxg8 Ne3 44. c3 Nd1 45. Ra8 Nxb2 46. Rxa6
Nxd3 47. Rb6 c4 48. a6 Rf7 49. Rb1 Ra7 50. Ra1 Nc5 51. Kf2 Rxa6 52. Rh1 Ra2+ 53.
Kg3 Rc2 54. Rh6+ Kc7 0-1

[Event "ch-RUS Rapid 2017"]
[Site "Sochi RUS"]
[Date "2017.10.01"]
[Round "10.20"]
[White "Potapov, Pavel"]
[Black "Oganian, Miran"]
[Result "1-0"]
[WhiteTitle "GM"]
[BlackTitle "IM"]
[WhiteElo "2479"]
[BlackElo "2454"]
[WhiteFideId "4169786"]
[BlackFideId "4122488"]
[EventDate "2017.09.30"]

1. e4 c5 2. c3 Nf6 3. e5 Nd5 4. Bc4 e6 5. Nf3 Nc6 6. d4 cxd4 7. cxd4 d6 8. O-O
Be7 9. Qe2 O-O 10. Rd1 Na5 11. b3 Bd7 12. Bxd5 exd5 13. Nc3 Be6 14. Ba3 Rc8 15.
Rac1 Nc6 16. h3 dxe5 17. Bxe7 Qxe7 18. dxe5 Rfd8 19. Qe3 Qa3 20. Nb5 Qxa2 21.
Nd6 Rb8 22. Nd4 Nxd4 23. Rxd4 b5 24. f4 g6 25. f5 gxf5 26. Qg5+ Kf8 27. Qh6+ Kg8
28. Rd3 f4 29. Qxf4 Qa5 30. Qh6 1-0

[Event "ch-RUS Rapid 2017"]
[Site "Sochi RUS"]
[Date "2017.10.01"]
[Round "10.21"]
[White "Utnasunov, Alexander"]
[Black "Lugovskoy, Maxim"]
[Result "1-0"]
[BlackTitle "GM"]
[WhiteElo "2446"]
[BlackElo "2474"]
[WhiteFideId "4134524"]
[BlackFideId "24126454"]
[EventDate "2017.09.30"]

1. d4 d5 2. c4 e6 3. Nc3 a6 4. cxd5 exd5 5. Bf4 c6 6. e3 Bd6 7. Bg3 Bf5 8. Nf3
Bxg3 9. hxg3 Nd7 10. Nh4 Be6 11. Bd3 Ngf6 12. Nf5 Bxf5 13. Bxf5 g6 14. Bd3 O-O
15. g4 Re8 16. g5 Ne4 17. Bxe4 dxe4 18. Qg4 Qe7 19. O-O-O f5 20. gxf6 Nxf6 21.
Qh4 Rad8 22. Rh3 b5 23. Rdh1 c5 24. dxc5 b4 25. Na4 Rd5 26. Kb1 Rd2 27. Rc1 Qf7
28. Qf4 Qg7 29. Rhh1 Nd5 30. Qh4 Rb8 31. Rc2 Rd3 32. Qxe4 b3 33. axb3 Nb4 34.
Rc4 Rxb3 35. Qe6+ Kh8 36. Rch4 h5 37. Qxb3 Nc6 38. Rxh5+ 1-0

[Event "ch-RUS Rapid 2017"]
[Site "Sochi RUS"]
[Date "2017.10.01"]
[Round "10.22"]
[White "Babikov, Ivan"]
[Black "Vastrukhin, Oleg"]
[Result "0-1"]
[WhiteTitle "FM"]
[WhiteElo "2276"]
[BlackElo "2386"]
[WhiteFideId "4161106"]
[BlackFideId "4192770"]
[EventDate "2017.09.30"]

1. e4 g6 2. d4 Bg7 3. Nc3 c6 4. g3 d5 5. exd5 cxd5 6. Bg2 e6 7. Nf3 Ne7 8. Bf4
O-O 9. h4 Nbc6 10. g4 f6 11. Bg3 e5 12. dxe5 fxe5 13. Ng5 h6 14. Nh3 Be6 15. O-O
e4 16. Nf4 Qd7 17. Nxe6 Qxe6 18. Nb5 Rad8 19. c3 a6 20. Nc7 Qf7 21. Qb3 Ne5 22.
Qxb7 N7c6 23. Qb6 Rb8 24. Qc5 Qxc7 25. Qxd5+ Kh8 26. Qxe4 Rxb2 27. f4 Qb6+ 28.
Kh1 Rxg2 29. Qxg2 Nxg4 30. Rab1 Qc5 31. Bf2 Nxf2+ 32. Rxf2 Ne7 33. Rb7 Nf5 34.
Rd2 Qxc3 35. Rdd7 Qc1+ 36. Qg1 Qxf4 37. Qxg6 Ng3+ 38. Kg2 Qf1+ 0-1

[Event "ch-RUS Rapid 2017"]
[Site "Sochi RUS"]
[Date "2017.10.01"]
[Round "10.23"]
[White "Hasangatin, Ramil"]
[Black "Kozak, Alexander"]
[Result "1/2-1/2"]
[WhiteTitle "GM"]
[BlackTitle "FM"]
[WhiteElo "2496"]
[BlackElo "2315"]
[WhiteFideId "4122160"]
[BlackFideId "4135881"]
[EventDate "2017.09.30"]

1. d4 d5 2. Nf3 e6 3. Bf4 f5 4. c4 c6 5. Nc3 Nf6 6. e3 Bd6 7. c5 Bc7 8. b4 O-O
9. Be2 Ne4 10. Qc2 Nd7 11. O-O Bb8 12. a4 Qf6 13. Bxb8 Rxb8 14. Rab1 e5 15. Rfd1
Nxc3 16. Qxc3 e4 17. Ne5 f4 18. Nxd7 Bxd7 19. exf4 Qxf4 20. Qe3 Qh4 21. b5 Bg4
22. a5 Bxe2 23. Qxe2 Rf6 24. bxc6 Rxc6 25. Qe3 Qe7 26. Rb5 Rf8 27. Rdb1 Rc7 28.
Qg3 Qf6 29. Rxb7 Rxb7 30. Rxb7 Qxd4 31. h3 Re8 32. c6 e3 33. fxe3 Rxe3 34. Rxg7+
Kf8 35. Rg8+ Kf7 36. Rg7+ Kf8 37. Rg8+ Kf7 38. Rg7+ Kf8 39. Rg8+ Kf7 1/2-1/2